Akta cukai pendapatan 1967 (Akta 53) & kaedah-kaedah : (Record no. 4522)
[ view plain ]
| 000 -LEADER | |
|---|---|
| fixed length control field | nam a22 a 4500 |
| 003 - CONTROL NUMBER IDENTIFIER | |
| control field | AKMAL |
| 005 - DATE AND TIME OF LATEST TRANSACTION | |
| control field | 20170531085439.0 |
| 008 - FIXED-LENGTH DATA ELEMENTS--GENERAL INFORMATION | |
| fixed length control field | 17 s2003 my l 00 may d |
| 020 ## - INTERNATIONAL STANDARD BOOK NUMBER | |
| International Standard Book Number | 9678913577 (kkt.): |
| Terms of availability | RM29.80 |
| 040 ## - CATALOGING SOURCE | |
| Transcribing agency | AKMAL |
| 082 04 - DEWEY DECIMAL CLASSIFICATION NUMBER | |
| Classification number | 343.5950523 CUK |
| Edition number | 21 |
| 090 00 - LOCALLY ASSIGNED LC-TYPE CALL NUMBER (OCLC); LOCAL CALL NUMBER (RLIN) | |
| Classification number (OCLC) (R) ; Classification number, CALL (RLIN) (NR) | 343.595052 |
| Local cutter number (OCLC) ; Book number/undivided call number, CALL (RLIN) | CUK |
| 110 1# - MAIN ENTRY--CORPORATE NAME | |
| Corporate name or jurisdiction name as entry element | Malaysia |
| 9 (RLIN) | 400 |
| 245 10 - TITLE STATEMENT | |
| Title | Akta cukai pendapatan 1967 (Akta 53) & kaedah-kaedah : |
| Remainder of title | (hingga 25hb Mac 2003) / |
| Statement of responsibility, etc. | disusun oleh Lembaga Penyelidikan Undang-Undang |
| 260 ## - PUBLICATION, DISTRIBUTION, ETC. | |
| Place of publication, distribution, etc. | Petaling Jaya : |
| Name of publisher, distributor, etc. | International Law Book Services, |
| Date of publication, distribution, etc. | 2003 |
| 300 00 - PHYSICAL DESCRIPTION | |
| Extent | 494ms. ; |
| Dimensions | 24cm |
| 440 #0 - SERIES STATEMENT/ADDED ENTRY--TITLE | |
| Title | UNDANG-UNDANG MALAYSIA |
| 9 (RLIN) | 8746 |
| 650 #0 - SUBJECT ADDED ENTRY--TOPICAL TERM | |
| Topical term or geographic name entry element | Income tax |
| General subdivision | Law and legislation |
| Geographic subdivision | Malaysia |
| 9 (RLIN) | 8744 |
| 700 1# - ADDED ENTRY--PERSONAL NAME | |
| Personal name | Lembaga Penyelidikan Undang-Undang |
| 9 (RLIN) | 8747 |
| 942 ## - ADDED ENTRY ELEMENTS (KOHA) | |
| Source of classification or shelving scheme | |
| Koha item type | Book |
| Withdrawn status | Lost status | Source of classification or shelving scheme | Damaged status | Not for loan | Collection code | Home library | Current library | Shelving location | Date acquired | Inventory number | Total Checkouts | Full call number | Barcode | Date last seen | Price effective from | Koha item type | Public note |
|---|---|---|---|---|---|---|---|---|---|---|---|---|---|---|---|---|---|
| NON-FICTION | AKMAL Melaka | AKMAL Melaka | PINJAMAN | 31.05.2017 | 304077 | 343.5950523 CUK | 201707097 | 31.05.2017 | 31.05.2017 | Book | |||||||
| NON-FICTION | AKMAL Melaka | AKMAL Melaka | PINJAMAN | 31.05.2017 | 304078 | 343.5950523 CUK | 201707098 | 31.05.2017 | 31.05.2017 | Book | |||||||
| NON-FICTION | AKMAL Melaka | AKMAL Melaka | PINJAMAN | 31.05.2017 | 304079 | 343.5950523 CUK | 31.05.2017 | 31.05.2017 | Book | Dilupuskan. No. Fail. ARKIBMLK.600-6/9/1 Jld.7 (54) | |||||||
| NON-FICTION | AKMAL Melaka | AKMAL Melaka | PINJAMAN | 31.05.2017 | 304076 | 343.5950523 CUK | 201707100 | 31.05.2017 | 31.05.2017 | Book | |||||||
| NON-FICTION | AKMAL Melaka | AKMAL Melaka | PINJAMAN | 31.05.2017 | 343.5950523 CUK | 31.05.2017 | 31.05.2017 | Book | Dilupuskan. No. Fail. ARKIBMLK.600-6/9/1 Jld.7 (54) |
